| 000 | 00000nam##2200000za#4500 |
| 001 | 9.689292 |
| 003 | CaOODSP |
| 005 | 20210624231829 |
| 007 | cr ||||||||||| |
| 008 | 150407|2006||||xxc|||||o f|0| 0 eng|d |
| 020 | |a978-0-662-45117-4 |
| 040 | |aCaOODSP|beng |
| 043 | |an-cn--- |
| 086 | 1 |aHS28-73/2006E-PDF |
| 110 | 1 |aCanada. |bHuman Resources and Social Development Canada. |
| 245 | 10|aWhat works : labour market integration initiatives for skilled immigrants in Canada - final report / |h[electronic resource]|c[by] Kim Walker. |
| 260 | |aOttawa - Ontario : |bHuman Resources and Social Development Canada |c2006. |
| 590 | |a13-08-Supp|b2013-04-02 |
| 690 | 07|aImmigrants|2gcpds |
| 690 | 07|aLabour market|2gcpds |
| 856 | 40|ahttp://publications.gc.ca|qPDF|s422 KB|uhttps://publications.gc.ca/collections/collection_2013/rhdcc-hrsdc/HS28-73-2006-eng.pdf |
| 986 | |aSP-773-11-06E |